[Event "Prague Golden op 10th"]
[Site "Prague"]
[Date "2014.06.26"]
[Round "6"]
[White "Schuster, Jan"]
[Black "Krivanek, Vladimir"]
[Result "0-1"]
[WhiteElo "1888"]
[BlackElo "2183"]
[PlyCount "86"]
[EventDate "2014.06.22"]
[EventType "swiss"]
[EventRounds "9"]
[EventCountry "CZE"]
[SourceTitle "CBM 161 Extra"]
[Source "ChessBase"]
[SourceDate "2014.08.29"]
[SourceVersion "1"]
[SourceVersionDate "2014.08.29"]
[SourceQuality "1"]

1. e4 Nc6 2. Nf3 d5 3. exd5 Qxd5 4. Nc3 Qa5 5. d4 Bg4 6. Bb5 e6 7. 0-0 Bb4 8. h3 Bxf3 9. Qxf3 Nge7 10. d5 exd5 11. Nxd5 0-0 12. Nxe7+ Nxe7 13. Bd3 Nc6 14. a3 Bd6 15. Qe4 f5 16. Qc4+ Kh8 17. f4 a6 18. Be3 Rae8 19. b4 Qa4 20. Bd2 Ne7 21. Bc3 Qd7 22. Rae1 Ng8 23. Qd4 Nf6 24. g3 Nh5 25. Kh2 Qf7 26. Be2 Nf6 27. Bf3 Rb8 28. Re2 Rfd8 29. Rfe1 Bf8 30. Qe5 Qg6 31. Qxc7 Rbc8 32. Qe5 Bd6 33. Qd4 Bc7 34. Qf2 Bb6 35. Qxb6 Ng4+ 36. hxg4 Qxb6 37. g5 h6 38. g6 Qxg6 39. Re6 Qxe6 40. Bxg7+ Kxg7 41. Rxe6 Rxc2+ 42. Kh3 Rdd2 43. g4 Rc3 0-1

[Event "Prague Golden op 10th"]
[Site "Prague"]
[Date "2014.06.23"]
[Round "2"]
[White "Sargsjan, Karen"]
[Black "Schuster, Jan"]
[Result "1/2-1/2"]
[WhiteElo "1982"]
[BlackElo "1888"]
[PlyCount "112"]
[EventDate "2014.06.22"]
[EventType "swiss"]
[EventRounds "9"]
[EventCountry "CZE"]
[SourceTitle "CBM 161 Extra"]
[Source "ChessBase"]
[SourceDate "2014.08.29"]
[SourceVersion "1"]
[SourceVersionDate "2014.08.29"]
[SourceQuality "1"]

1. e4 c5 2. Nf3 a6 3. c3 d6 4. Be2 Qc7 5. 0-0 g6 6. d4 Nd7 7. Re1 Bg7 8. Bf4 e5 9. Bg3 Ngf6 10. Nbd2 0-0 11. a4 Rb8 12. h3 Nh5 13. Bh2 Nf4 14. Bf1 b5 15. axb5 axb5 16. Nb3 c4 17. Nc1 Ne6 18. Na2 Bb7 19. Nb4 Ra8 20. Rxa8 Rxa8 21. Nd5 Bxd5 22. exd5 Nef8 23. dxe5 Nxe5 24. Nxe5 Bxe5 25. Bxe5 dxe5 26. g4 Rd8 27. Bg2 Qd6 28. Qe2 Nd7 29. Qe3 f6 30. Ra1 g5 31. Ra5 Rb8 32. Qa7 Rb6 33. Qa8+ Qb8 34. Qxb8+ Nxb8 35. Ra7 Na6 36. Be4 h6 37. Bf5 Nc5 38. Rc7 Nd3 39. Rc6 Rb8 40. d6 Rd8 41. d7 Kf7 42. Bxd3 cxd3 43. Rd6 e4 44. Rd4 f5 45. gxf5 Kf6 46. Kf1 Kxf5 47. b3 Kf4 48. c4 bxc4 49. bxc4 Ke5 50. Rd5+ Ke6 51. f3 exf3 52. Rxd3 Rxd7 53. Rxd7 Kxd7 54. Kf2 Kc6 55. Kxf3 h5 56. Ke4 g4 1/2-1/2

[Event "Prague Golden op 10th"]
[Site "Prague"]
[Date "2014.06.22"]
[Round "1"]
[White "Schuster, Jan"]
[Black "Sisak, Richard"]
[Result "1/2-1/2"]
[WhiteElo "1888"]
[BlackElo "2017"]
[PlyCount "61"]
[EventDate "2014.06.22"]
[EventType "swiss"]
[EventRounds "9"]
[EventCountry "CZE"]
[SourceTitle "CBM 161 Extra"]
[Source "ChessBase"]
[SourceDate "2014.08.29"]
[SourceVersion "1"]
[SourceVersionDate "2014.08.29"]
[SourceQuality "1"]

1. e4 c5 2. c3 e5 3. Nf3 d6 4. Bc4 Nc6 5. d4 Qc7 6. d5 Nce7 7. 0-0 g6 8. Na3 a6 9. Qa4+ Bd7 10. Bb5 Rb8 11. Bxd7+ Qxd7 12. Qxd7+ Kxd7 13. Nc4 Bg7 14. a4 Nf6 15. Re1 h6 16. Nb6+ Kc7 17. a5 Nd7 18. Nxd7 Kxd7 19. Nd2 f5 20. f3 Rhd8 21. Nc4 f4 22. Bd2 Ng8 23. b4 cxb4 24. cxb4 Nf6 25. Nb6+ Ke8 26. Rac1 Nd7 27. Rc7 Bf6 28. Nc4 Be7 29. Rc1 g5 30. Kf2 Nf6 31. Nb6 1/2-1/2